Vista normal Vista MARC

Entrada Geographic Name

Número de registros utilizados en: 2

001 - CONTROL NUMBER

  • control field: 8794

003 - CONTROL NUMBER IDENTIFIER

  • control field: OSt

005 - DATE AND TIME OF LATEST TRANSACTION

  • control field: 20200814134008.0

008 - FIXED-LENGTH DATA ELEMENTS

  • fixed length control field: 200814|| aca||aabn | a|a d

040 ## - CATALOGING SOURCE

  • Original cataloging agency: OSt
  • Transcribing agency: OSt

151 ## - HEADING--GEOGRAPHIC NAME

  • Geographic name: Colombia
  • General subdivision: Fuerzas armadas
  • General subdivision: Actividad política

670 ## - SOURCE DATA FOUND

  • Source citation: Work cat.: (OSt)0: Bermúdez Rossi, Gonzalo autor 8789, Pronunciamientos, conspiraciones y golpes de estado en Colombia : , 1997.